| Tag |
First Indicator |
Second Indicator |
Subfields |
| LEADER |
00000cam a2200000Ia 4500 |
| 001 |
in00002376513 |
| 005 |
20151109041234.0 |
| 008 |
080307s2007 miua b 000 0 eng d |
| 019 |
|
|
|a 176883632
|
| 020 |
|
|
|a 0472032763
|
| 020 |
|
|
|a 9780472032761
|
| 035 |
|
|
|a (OCoLC)ocn213086853
|
| 035 |
|
|
|a (OCoLC)213086853
|z (OCoLC)176883632
|
| 040 |
|
|
|a EYE
|c EYE
|d BTCTA
|d BAKER
|d YDXCP
|d UtOrBLW
|
| 049 |
|
|
|a TXAM
|
| 050 |
|
4 |
|a LB1573.6
|b .F65 2007
|
| 100 |
1 |
|
|a Folse, Keith S.
|
| 245 |
1 |
0 |
|a Rapid reading practices :
|b developing word automaticity in reading /
|c Keith S. Folse.
|
| 264 |
|
1 |
|a Ann Arbor, Mich. :
|b University of Michigan Press,
|c [2007]
|
| 264 |
|
4 |
|c ©2007
|
| 300 |
|
|
|a x, 108 pages :
|b illustrations ;
|c 28 cm.
|
| 336 |
|
|
|a text
|b txt
|2 rdacontent
|
| 337 |
|
|
|a unmediated
|b n
|2 rdamedia
|
| 338 |
|
|
|a volume
|b nc
|2 rdacarrier
|
| 504 |
|
|
|a Includes bibliographical references (pages ix).
|
| 650 |
|
0 |
|a Word recognition
|v Problems, exercises, etc.
|
| 650 |
|
0 |
|a Reading.
|
| 650 |
|
0 |
|a Vocabulary.
|
| 650 |
|
0 |
|a English language
|x Study and teaching
|x Foreign speakers.
|
| 938 |
|
|
|a Baker and Taylor
|b BTCP
|n BK0007452297
|
| 938 |
|
|
|a Baker & Taylor
|b BKTY
|c 21.95
|d 21.95
|i 0472032763
|n 0007452297
|s active
|
| 938 |
|
|
|a YBP Library Services
|b YANK
|n 2742507
|
| 945 |
|
|
|a PromptCat
|b 366466
|
| 946 |
|
|
|a stk
|
| 947 |
|
|
|a A14836849104
|
| 994 |
|
|
|a 92
|b TXA
|
| 948 |
|
|
|a cataloged
|b h
|c 2008/3/27
|d c
|e asalazar
|f 4:49:35 pm
|
| 999 |
|
|
|a MARS
|
| 999 |
f |
f |
|s 953d916f-c5c9-352a-9efe-dcd5d3c1c0a5
|i 2b176c20-a585-3400-8345-1461c1271a37
|t 0
|
| 952 |
f |
f |
|p normal
|a Texas A&M University
|b College Station
|c Sterling C. Evans Library
|d Evans: Library Stacks
|t 0
|e LB1573.6 .F65 2007
|h Library of Congress classification
|i unmediated -- volume
|m A14836849104
|
| 998 |
f |
f |
|a LB1573.6 .F65 2007
|t 0
|l Evans: Library Stacks
|